Statistics for Cities in Grant County, Oklahoma

Click here to take the quiz!

General Stats

  • This quiz has been taken 8 times
  • The average score is 9 of 12

Answer Stats

PopulationAnswer% Correct
1.0KMedford
100%
896Pond Creek
100%
130Deer Creek
83%
417Lamont
83%
12Jefferson
67%
103Manchester
67%
224Nash
67%
12Renfrow
67%
357Wakita
67%
5Gibbon
50%
17Salt Fork
50%
2Sand Creek
50%

Score Distribution

Percentile by Number Answered

Percent of People with Each Score

Your Score History

You have not taken this quiz